Normal view
MARC view
Entry Personal Name
001 - CONTROL NUMBER
- control field: 75653
003 - CONTROL NUMBER IDENTIFIER
- control field: dpl
005 - DATE AND TIME OF LATEST TRANSACTION
- control field: 20250101103619.0
008 - FIXED-LENGTH DATA ELEMENTS
- fixed length control field: 250101|| aca||aabn | a|a d
040 ## - CATALOGING SOURCE
- Original cataloging agency: dpl
- Transcribing agency: dpl
100 ## - HEADING--PERSONAL NAME
- Personal name: गोपेन्द्र, प्रताप
670 ## - SOURCE DATA FOUND
- Source citation: Work cat.: (dpl)207950: गोपेन्द्र, प्रताप , चन्द्रशेखर आज़ाद:, 2023
